Obadiah Sforno: Light of the Nations : Or ʿAmmim / Lumen Gentium /
Light of the Nations is a philosophical work written by the Jewish intellectual and eminent biblical commentator Obadiah Sforno (ca. 1475-1550). His treatise, an apology for both Jewish and universal monotheistic beliefs, was published in Hebrew in 1537 under the title Or 'Ammim and was transla...
مؤلفون آخرون: , ,
التنسيق: كتاب الكتروني
اللغة: English
منشور في:
Leiden ; Boston :
Brill,
2025.
سلاسل:
Maimonides Library for Philosophy and Religion ;
5.
Religious Studies, Theology and Philosophy E-Books Online, Collection 2025.
الموضوعات:
الوصول للمادة أونلاين: Login to view Source
الوسوم: إضافة وسم
رقم الطلب: B759.S43
| LEADER | 02652nam a22005298i 4500 | ||
|---|---|---|---|
| 001 | BRILL9789004689725 | ||
| 003 | nllekb | ||
| 005 | 20241111180737.0 | ||
| 006 | m d | ||
| 007 | cr un uuuua | ||
| 008 | 240823s2025 gw sb 001 0 eng d | ||
| 020 | |a 9789004689725 |q (electronic book) | ||
| 020 | |z 9789004689718 |q (print) | ||
| 024 | 7 | |a 10.1163/9789004689725 |2 DOI | |
| 035 | |z (OCoLC)1443931644 | ||
| 040 | |a NL-LeKB |c NL-LeKB |e rda | ||
| 041 | |a eng | ||
| 050 | 4 | |a B759.S43 | |
| 072 | 7 | |a HPCB |2 bicssc | |
| 072 | 7 | |a PHI |x 009000 |2 bisacsh | |
| 072 | 7 | |a PHI |x 012000 |2 bisacsh | |
| 082 | 0 | 4 | |a 181/.06 |2 23 |
| 245 | 1 | 0 | |a Obadiah Sforno: Light of the Nations : |b Or ʿAmmim / Lumen Gentium / |c edited by Giuseppe Veltri, Giada Coppola and Florian Dunklau. |
| 246 | 3 | |a Or ʿAmmim / Lumen Gentium | |
| 264 | 1 | |a Leiden ; |a Boston : |b Brill, |c 2025. | |
| 264 | 4 | |c ©2025 | |
| 300 | |a 1 online resource (608 pages) : |b illustrations. | ||
| 336 | |a text |b txt |2 rdacontent | ||
| 337 | |a computer |b c |2 rdamedia | ||
| 338 | |a online resource |2 rdacarrier | ||
| 490 | 1 | |a Maimonides Library for Philosophy and Religion ; |v 5 | |
| 490 | 1 | |a Religious Studies, Theology and Philosophy E-Books Online, Collection 2025 | |
| 504 | |a Includes bibliographical references and index. | ||
| 520 | |a Light of the Nations is a philosophical work written by the Jewish intellectual and eminent biblical commentator Obadiah Sforno (ca. 1475-1550). His treatise, an apology for both Jewish and universal monotheistic beliefs, was published in Hebrew in 1537 under the title Or 'Ammim and was translated by the author into Latin as Lumen Gentium in 1548. Written in the style of a classical medieval Scholastic summa, the treatise's multilingual and multicultural dimensions reveal key humanist ideas that prevailed in the cities of northern Italy during the early modern period, while also speaking to its author's abiding exegetical rationality. | ||
| 546 | |a English | ||
| 588 | |a Description based on print version record. | ||
| 650 | 0 | |a Jewish philosophy. | |
| 650 | 0 | |a Philosophy, Medieval. | |
| 700 | 1 | |a Coppola, Giada, |e editor. | |
| 700 | 1 | |a Dunklau, Florian, |e editor. | |
| 700 | 1 | |a Veltri, Giuseppe, |e editor. | |
| 776 | 0 | 8 | |i Print version: |t Obadiah Sforno: Light of the Nations : Or ʿAmmim / Lumen Gentium. |d Leiden ; Boston : Brill, 2025. |z 9789004689718 |w (DLC) 2024026414 |
| 830 | 0 | |a Maimonides Library for Philosophy and Religion ; |v 5. | |
| 830 | 0 | |a Religious Studies, Theology and Philosophy E-Books Online, Collection 2025. | |
| 856 | 4 | |z DOI: |u http://dx.doi.org/10.1163/9789004689725 | |
| 942 | |2 lcc |c EBOOK | ||
| 999 | |c 59729 |d 59729 | ||
